| 000 | 01023nam a22001937a 4500 | ||
|---|---|---|---|
| 999 |
_c58829 _d58829 |
||
| 003 | Ge_BSU | ||
| 005 | 20221005155629.0 | ||
| 008 | 221005s1976 ge ||||| |||| 00| 0 geo d | ||
| 041 | _ageo | ||
| 080 | _a1(1-662) ბ-32 | ||
| 100 |
_aბაქრაძე, კონსტანტინე _93920 |
||
| 245 |
_aრჩეული ფილოსოფიური თხზულებანი : _bტ. 5, დიალექტიკური მატერიალიზმი. ბურჟუაზიული ფილოსოფიის მიმდინარეობანი / _c კონსტანტინე ბაქრაძე. |
||
| 264 |
_aთბილისი : _bთბილ. უნ-ტის გამ-ბა, _c1976. |
||
| 300 | _a541 გვ. | ||
| 504 | _aსაძიებელი: გვ. 536-539. | ||
| 653 | _aდიალექტიკური მატერიალიზმი | ||
| 653 | _aბურჟუაზიული ფილოსოფია | ||
| 942 |
_2udc _cBK |
||